航空运输总周转量最大的国家 Countries by total air transport turnover - Statistics

General Stats
  • This quiz has been taken 21 times
  • The average score is 18 of 20
Answer Stats
运输总周转量(亿吨公里) 国家 % Correct
1856 美国
100%
537 中国
100%
280 德国
100%
259 英国
100%
217 法国
100%
201 加拿大
100%
177 印度
100%
153 俄罗斯
100%
147 西班牙
100%
109 巴西
100%
305 土耳其
95%
203 韩国
95%
196 日本
95%
104 澳大利亚
95%
136 新加坡
90%
117 墨西哥
85%
402 阿联酋
80%
281 卡塔尔
80%
138 荷兰
75%
199 爱尔兰
30%
No matching quizzes found
Score Distribution
Percent of People with Each Score
Percentile by Number Answered
Your Score History
You have not taken this quiz